Intellectual property : (Record no. 206796)
[ view plain ]
| 000 -LEADER | |
|---|---|
| fixed length control field | 00722nam a2200229Ia 4500 |
| 003 - CONTROL NUMBER IDENTIFIER | |
| control field | OSt |
| 005 - DATE AND TIME OF LATEST TRANSACTION | |
| control field | 20230727101727.0 |
| 008 - FIXED-LENGTH DATA ELEMENTS--GENERAL INFORMATION | |
| fixed length control field | 210716s2008 xx 000 0 und d |
| 020 ## - INTERNATIONAL STANDARD BOOK NUMBER | |
| International Standard Book Number | 9788131505120 |
| 040 ## - CATALOGING SOURCE | |
| Transcribing agency | AIMIT LIBRARY |
| 041 ## - LANGUAGE CODE | |
| Language code of text/sound track or separate title | eng |
| 082 ## - DEWEY DECIMAL CLASSIFICATION NUMBER | |
| Classification number | 346.048 |
| Edition number | 1 |
| Item number | STIR |
| 100 ## - MAIN ENTRY--PERSONAL NAME | |
| Personal name | Stim, Richard. |
| 9 (RLIN) | 128564 |
| 245 ## - TITLE STATEMENT | |
| Title | Intellectual property : |
| Remainder of title | copyrights trademarks and patents / |
| Statement of responsibility, etc. | By Richard Stim. |
| 250 ## - EDITION STATEMENT | |
| Edition statement | 1st ed. |
| 260 ## - PUBLICATION, DISTRIBUTION, ETC. | |
| Place of publication, distribution, etc. | New Delhi : |
| Name of publisher, distributor, etc. | Cengage Learning , |
| Date of publication, distribution, etc. | 2008. |
| 300 ## - PHYSICAL DESCRIPTION | |
| Extent | 520p. ; |
| Other physical details | PB |
| Dimensions | 24 cm |
| 651 ## - SUBJECT ADDED ENTRY--GEOGRAPHIC NAME | |
| Geographic name | Intellectual property: an introduction |
| 9 (RLIN) | 128565 |
| 651 ## - SUBJECT ADDED ENTRY--GEOGRAPHIC NAME | |
| Geographic name | Principles of trademarks |
| 9 (RLIN) | 128566 |
| 651 ## - SUBJECT ADDED ENTRY--GEOGRAPHIC NAME | |
| Geographic name | Copyright ownership |
| 9 (RLIN) | 128567 |
| 942 ## - ADDED ENTRY ELEMENTS (KOHA) | |
| Source of classification or shelving scheme | Dewey Decimal Classification |
| Koha item type | Book |
| Edition | 1st ed. |
| Call number prefix | 346.048 STIR |
| Withdrawn status | Lost status | Source of classification or shelving scheme | Damaged status | Not for loan | Collection code | Home library | Current library | Date acquired | Cost, normal purchase price | Inventory number | Total Checkouts | Full call number | Barcode | Date last seen | Date last checked out | Cost, replacement price | Price effective from | Koha item type |
|---|---|---|---|---|---|---|---|---|---|---|---|---|---|---|---|---|---|---|
| Dewey Decimal Classification | MBA | St Aloysius Institute of Management & Information Technology | St Aloysius Institute of Management & Information Technology | 10/11/2011 | 375.00 | Bill no:1066; Bill dt:2011-09-20 | 2 | 346.048 STIR | MBA09362 | 05/23/2026 | 02/06/2025 | 281.25 | 07/16/2021 | Book |